000 00683nam a2200253Ia 4500
003 OSt
005 20221006150913.0
006 a|||||r|||| 00| 0
007 ta
008 221006b |||||||| |||| 00| 0 jpn d
024 _a20,173
037 _bGift, Japan Foundation
_cTextual
040 _aEASL
_cEASL
_bjpn
041 _2jpn
_ajpn
082 _aX:8.42.N7, L7
100 _aMITOOKA Michio
_9657939
245 0 _aKabushiki kaisha honyumon
260 _aTokyo
_bYuhikaku Japan
_c1977
300 _a314p.
_ccm.
490 _v JL
650 _aJL
942 _hX:8.42.N7, L7
_cTEXL
_2CC
999 _c1088259
_d1088259